|
|
|
|
| LEADER |
01220naa a2200289 i 4500 |
| 001 |
publ1632 |
| 005 |
20210617185332.0 |
| 008 |
200224s2019 hu o 0|| zxx d |
| 020 |
|
|
|a 9786155607752
|
| 024 |
7 |
|
|a 31159778
|2 mtmt
|
| 040 |
|
|
|a PEREPO PUBLIKACIO
|b hun
|
| 041 |
|
|
|a zxx
|
| 100 |
1 |
|
|a Bársony Fanni
|
| 245 |
1 |
0 |
|a Community gardens as sustainable community movementorganisations in Hungary
|h [elektronikus dokumentum] /
|c Fanni Bársony
|
| 260 |
|
|
|a Budapesti Gazdasági Egyetem
|b Budapest
|c 2019
|
| 300 |
|
|
|a 5-22
|
| 490 |
0 |
|
|a Kutatói innovációk Válogatás egy kutatási projekt eredményeiből az EFOP 3.6.1-16-2016-00012 számú projekt keretében végzett kutatásokból
|
| 650 |
|
4 |
|a Szociológia
|
| 695 |
|
|
|a community garden
|
| 695 |
|
|
|a sustainable communitymovement organisation; political consumerism; alternative lifestyle
|
| 695 |
|
|
|a movement organisation
|
| 695 |
|
|
|a political consumerism
|
| 695 |
|
|
|a alternative lifestyle
|
| 695 |
|
|
|a közösségi kert
|
| 695 |
|
|
|a politikai konzumerizmus
|
| 695 |
|
|
|a alternatív életstílus
|
| 856 |
4 |
0 |
|u https://perepo-publikacio.uni-pannon.hu/id/eprint/1632/1/Kutat%C3%B3i%20innov%C3%A1ci%C3%B3k%20egybe_p005-022.pdf
|z Dokumentum-elérés
|